000 00637nam a22001937a 4500
005 20100813145144.0
010 _aENG-100026
020 _a9788174533210
_c150.00
035 _aEN-83558
037 _bDBAD/PUB
082 _a881
100 _aBhandigare,Pradip Kumar
_912784
245 _aColours of mind /
_cby Pradip Kumar Bhandigare
260 _aNew Delhi
_bSanjay Prakashan
_c2009
270 _a4378/4 B-209 J.M.D House
_bNew Delhi
_e110002
300 _a76p.
_c22cm (Hb)
942 _2ddc
_cEN
_h881
_mBHA
999 _c41674
_d41674